000 00530nam a2200181Ia 4500
003 SGT
020 _a9780070702486
082 _a621.38173
_bGER
100 _aGehlot Virendra
245 _aVLSI design techniques for analog and digital circuits
260 _bTata McGraw Hill Education Private Limited
_aNew Delhi
_c2010
300 _a969p.
650 _aELECTRONICS ENGINEERING
653 _aPRACTICAL CONSIDERATIONS, TECHNOLOGY, DEVICE MODELING
700 _aAllen,philip E
700 _aStrader,Noel R
942 _2ddc
_cBK
999 _c5609
_d5609